Stress, coping, and development : (Record no. 39644)
[ view plain ]
| 000 -LEADER | |
|---|---|
| fixed length control field | 00608nam a2200193 a 4500 |
| 003 - CONTROL NUMBER IDENTIFIER | |
| control field | PILC |
| 005 - DATE AND TIME OF LATEST TRANSACTION | |
| control field | 20160203153737.0 |
| 008 - FIXED-LENGTH DATA ELEMENTS--GENERAL INFORMATION | |
| fixed length control field | 100812s19uu xx 00 eng d |
| 020 ## - INTERNATIONAL STANDARD BOOK NUMBER | |
| International Standard Book Number | 9781606235591 |
| 050 ## - LIBRARY OF CONGRESS CALL NUMBER | |
| Classification number | BF 575.S75 |
| Item number | .Al42 2009 |
| 100 ## - MAIN ENTRY--PERSONAL NAME | |
| Personal name | Aldwin, Carolyn M. |
| 245 ## - TITLE STATEMENT | |
| Title | Stress, coping, and development : |
| Remainder of title | an integrative perspective / |
| Statement of responsibility, etc | Carolyn M. Aldwin. |
| 260 ## - PUBLICATION, DISTRIBUTION, ETC. (IMPRINT) | |
| Place of publication, distribution, etc | New York : |
| Name of publisher, distributor, etc | The Guilford Press, |
| Date of publication, distribution, etc | 2007. |
| 300 ## - PHYSICAL DESCRIPTION | |
| Extent | 432 pages : |
| Dimensions | 23 cm. |
| Other physical details | illustrations ; |
| 500 ## - GENERAL NOTE | |
| General note | Includes bibliographical references and indexes. |
| 650 ## - SUBJECT ADDED ENTRY--TOPICAL TERM | |
| Topical term or geographic name as entry element | Stress. |
| 942 ## - ADDED ENTRY ELEMENTS (KOHA) | |
| Koha item type | Books |
| Source of classification or shelving scheme | Library of Congress Classification |
| Call number prefix | Foreign |
| Withdrawn status | Lost status | Source of classification or shelving scheme | Damaged status | Home library | Current library | Shelving location | Date acquired | Source of acquisition | Cost, normal purchase price | Total Checkouts | Total Renewals | Full call number | Barcode | Date last seen | Date checked out | Copy number | Price effective from | Koha item type |
|---|---|---|---|---|---|---|---|---|---|---|---|---|---|---|---|---|---|---|
| Library of Congress Classification | College Library | College Library | General Circulation Section | 08/12/2010 | Library Fund | 2220.00 | 7 | 22 | BF 575.S75 .Al42 2009 | C11325 | 12/14/2020 | 12/14/2020 | 1 | 10/18/2013 | Books |